1076 1889 1212 1634 1383 1599 1950 1124 1844 1007 1987 1733 1826 1869 1580 1557 1925 1270 1288 1810 1363 1608 1397 1261 1886 1753 1678 1800 1560 1658 1095 1795 1661 1157 1971 1620 1377 1646 1960 1013 1176 1718 1251 1358 1184 1951 1230 1299 1812 1839 1423 1114 1686 1574 1668 1490 1353 1698 1724 1416 1072 1188 1113 1193 1944 1706 1491 1167 1581 1821 1328 1093 1518 1286 1848 1150 1070 1223 1826 1107 1448 1135 1634 1114 1043 1464 1246 1053 1348 1006 1042 1117 1495 1295 1756 1089 1216 1142 1527 BCNSPRNW ULIB Ver.6.0+V

เปลี่ยนเป็นภาษาไทย

Change to English
 แสดงรายละเอียดบรรณานุกรม
  กลับหน้าหลัก

Brief Record : Get Marc (ISO 2709) : E-mail record : QR code < ปิดหน้าต่าง
LEADER : 00000nam 2200000uu 4500
001    13399127595
003     ULIB
008    210222s2561||||th 000 0 tha d
020    ^a9786164432031
060    ^aWB105^bท484F
100    ^aทิพา ชาคร
245    ^aFirst Hour in Emergency Room 2018: A Journey towards the next decade of Emergency Medicine
250    ^aพิมพ์ครั้งที่ 1
260    ^aกรุงเทพฯ :^bภาควิชาเวชศาสตร์ฉุกเฉิน คณะแพทยศาสตร์ศิริราชพยาบาล มหาวิทยาลัยมหิดล,^c2561
300    ^a231 หน้า^bภาพประกอบ, ภาคผนวก
650    ^aเวชศาสตร์ฉุกเฉิน
945    ^p300^l0^i007697
945    ^p300^l0^i007698
945    ^p300^l0^i007699
945    ^p300^l0^i007700
945    ^p300^l0^i007701
999    ^aประนอม เกษจรัล
รายการนี้ยังไม่มีแท็ก
คุณยังไม่ได้ล็อกอิน คุณสามารถมีกิจกรรมร่วมกับเว็บไซต์ได้ แต่ต้องล็อกอินก่อน ::
  ล็อกอิน

รายการสื่อสารสนเทศ

ลำดับที่ ประเภท เลขเรียก/บาร์โค้ด สถานที่ สถานะ
1. วิทยาศาสตร์การแพทย์ และสุขภาพ
หนังสือสำรอง
สถานะ=หนังสือสำรอง
WB105 ท484F ฉ.1 
  Barcode: 007697
ห้องสมุดวิทยาเขตสวรรค์ประชารักษ์
►หนังสือทั่วไป
บนชั้น
2. วิทยาศาสตร์การแพทย์ และสุขภาพ
วิทยาศาสตร์การแพทย์ และสุขภาพ
WB105 ท484F ฉ.2 
  Barcode: 007698
ห้องสมุดวิทยาเขตสวรรค์ประชารักษ์
►หนังสือทั่วไป
บนชั้น
3. วิทยาศาสตร์การแพทย์ และสุขภาพ
วิทยาศาสตร์การแพทย์ และสุขภาพ
WB105 ท484F ฉ.3 
  Barcode: 007699
ห้องสมุดวิทยาเขตสวรรค์ประชารักษ์
►หนังสือทั่วไป
บนชั้น
4. วิทยาศาสตร์การแพทย์ และสุขภาพ
วิทยาศาสตร์การแพทย์ และสุขภาพ
WB105 ท484F ฉ.4 
  Barcode: 007700
ห้องสมุดวิทยาเขตสวรรค์ประชารักษ์
►หนังสือทั่วไป
บนชั้น
5. วิทยาศาสตร์การแพทย์ และสุขภาพ
วิทยาศาสตร์การแพทย์ และสุขภาพ
WB105 ท484F ฉ.5 
  Barcode: 007701
ห้องสมุดวิทยาเขตสวรรค์ประชารักษ์
►หนังสือทั่วไป
บนชั้น

รายการใกล้เคียง
    ผู้แต่ง [ทิพา ชาคร]

    หัวเรื่อง [เวชศาสตร์ฉุกเฉิน]

BibComment


ยังไม่เคยถูกคอมเมนท์

คอมเมนท์ทรัพยากรรายการนี้
  คอมเมนท์: First Hour in Em..


 Copyright 2026. Bcnsprnw @Library